Missing Word: 'S' Names Quiz Stats

 Plays Quiz Updated Jun 20, 2018

Score 0/24 Timer 02:00
3 Plays Today
Full Name Missing Name % Correct
_____ BullockSandra
93.6%
Uncle _____Sam
91.9%
_____ PennSean
90.8%
_____ & CherSonny
87.5%
_____ MariaSanta
87.3%
F. _____ FitzgeraldScott
86.7%
_____ desertSahara
84.5%
_____ LeBeoufShia
76.5%
Steven _____Spielberg
71.4%
_____ O'HaraScarlett
69.4%
_____ WilliamsSerena
66.3%
_____, Plain and TallSarah
66.1%
Full Name Missing Name % Correct
_____, Roebuck & Co.Sears
63.8%
_____ RideSally
62.8%
_____ O'ConnorSinéad
61.8%
_____ Baron CohenSacha
60.5%
_____ & SchusterSimon
58%
_____ LeeStan
55.6%
_____ TracySpencer
46.4%
Seymour _____Skinner
36.7%
Oh! _____Susanna
35.2%
Percy Bysshe _____Shelley
33.9%
_____ BellowSaul
29.5%
_____ MastersonSky
12.2%

Today's Daily Dose

Missing Word
TV IA - IZ

Word Ladder
Home Improvement

Get the Picture
Wrist or Ankle Bones

You're not logged in!

Compare scores with friends on all Sporcle quizzes.
OR
Log In

You Might Also Like...

Show Comments

Extras

Top Quizzes Today


Score Distribution

Your Account Isn't Verified!

In order to create a playlist on Sporcle, you need to verify the email address you used during registration. Go to your Sporcle Settings to finish the process.

Report this User

Report this user for behavior that violates our Community Guidelines.

Details: